000 00418cam a22001217a 4500
008 180718b1984 xxu||||| |||| 00| 0 eng d
082 _aA81x54 In2/81/1/Pap 5/1984
100 _aCensus of India 1981
245 _aAge tables based on 5 percent sample data
260 _aDelhi
_bRegistrar General and Census Commissioner, India
_c1984
300 _a55+p.
440 _aCensus of India 1981. Series-1, India. Paper 5 of 1984
999 _c481887
_d481887